000 00504 a2200169 4500
003 OSt
005 20231218110757.0
008 231218b |||||||| |||| 00| 0 eng d
020 _a9789350722176
040 _coclc
082 _a891.431
_bSHU/P
100 _aShukla, Prayag
_910151
245 _aPACHAS KAVITHAYEN NAI SADI KE LIYE CHAYAN /
_cPrayag Shukla
260 _aNew Delhi:
_bVani Prakashan,
_c2012.
300 _a106p
942 _2ddc
_cBK
_h891.431
_iSHU/P
_k891.431
_mSHU/P
999 _c43450
_d43450